速读资治通鉴 (Record no. 39783)

000 -LEADER
fixed length control field 00522nam a22001937a 4500
003 - CONTROL NUMBER IDENTIFIER
control field MPLRDC
005 - DATE AND TIME OF LATEST TRANSACTION
control field 20220104143426.0
008 - FIXED-LENGTH DATA ELEMENTS--GENERAL INFORMATION
fixed length control field 210129b ||||| |||| 00| 0 eng d
020 ## - INTERNATIONAL STANDARD BOOK NUMBER
International Standard Book Number 978-957-713-333-5
082 ## - DEWEY DECIMAL CLASSIFICATION NUMBER
Classification number 610.23 WGX
100 ## - MAIN ENTRY--PERSONAL NAME
Personal name 汪高鑫、李传印 主编
245 ## - TITLE STATEMENT
Title 速读资治通鉴
Statement of responsibility, etc.
250 ## - EDITION STATEMENT
Edition statement 二版
260 ## - PUBLICATION, DISTRIBUTION, ETC.
Place of publication, distribution, etc. 台湾
Name of publisher, distributor, etc. 广达文化事业有限公司
Date of publication, distribution, etc. 2006
300 ## - PHYSICAL DESCRIPTION
Other physical details 503
490 ## - SERIES STATEMENT
Series statement 典藏中国: 8; 文经阁
650 ## - SUBJECT ADDED ENTRY--TOPICAL TERM
Topical term or geographic name entry element 中国通史--资治通鉴
942 ## - ADDED ENTRY ELEMENTS (KOHA)
Koha item type Book
-- 610.23 WGX
Holdings
Withdrawn status Lost status Source of classification or shelving scheme Damaged status Not for loan Collection code Home library Current library Shelving location Date acquired Cost, normal purchase price Total Checkouts Total Renewals Full call number Barcode Date last seen Date last checked out Price effective from Koha item type Public note
            Malaysian Public Library, Research and Development Centre Malaysian Public Library, Research and Development Centre   10/12/2007 54.30   1 610.23 WGX 00039914 18/03/2021 30/12/2012 18/03/2021 Book mplrdc

© 2022. Malaysian Public Library, Research and Development Centre. All Right ReservedE-mailmplrdc@help.edu.my 

Powered by Koha